000 00702nam a2200217 a 4500
001 45865
003 BD-RjUL
005 20211209054058.0
008 160728s1920 enk 0 eng d
035 _a(BD-RjUL)45983
040 _aNUN:S
_beng
_cNUN:S
_dBD-RjUL
041 _aeng
082 _223
_a340.09
_bHAS 1920
100 1 _aHammond, Edgar.
_9140270
245 1 2 _aA short English constitutional history for law students /
_cby Edgar Hammond.
260 _aLondon :
_bSweet and Maxwell,
_c1920.
300 _a163 p. ;
_c21 cm.
650 _a Constitutional history -- Great Britain -- Examinations, questions, etc.
_9140271
650 _aConstitutional history.
_9140272
942 _2ddc
_cBK
999 _c45865
_d45865